| 000 | 00542nam a2200205Ia 4500 | ||
|---|---|---|---|
| 005 | 20240913125653.0 | ||
| 008 | 240913s9999||||xx |||||||||||||| ||und|| | ||
| 020 | _a978-0-7680-3339-7 | ||
| 041 | _aENGLISH | ||
| 082 | _A534 Q0 | ||
| 100 | _aLiu C Q | ||
| 245 | 0 | _aPrinciples of Vibration Analysis with Applications in Automotive Engineering | |
| 250 | _a1st | ||
| 260 |
_c2011 _bSAE Internat |
||
| 500 | _aREFERENCE | ||
| 650 |
_aVibrations _bAutomobile Engineering |
||
| 700 | _a Ronald L Huston | ||
| 942 | _cREF | ||
| 999 |
_c246025 _d246025 |
||